| 000 | 00339nam a2200121Ia 4500 | ||
|---|---|---|---|
| 008 | 190216s9999||||xx |||||||||||||| ||und|| | ||
| 100 | _a"Srivasta U K,Shenoy G V And Sharma S C" | ||
| 245 | 0 | _aQuantitative Techniques For Managerial Decisions | |
| 260 |
_bEverest Pubs.House Pune _c1989 |
||
| 300 | _a941p | ||
| 650 | _aCommerce | ||
| 942 | _cBK | ||
| 999 |
_c5772 _d5772 |
||